| 000 | 00675nam a2200193Ii 4500 | ||
|---|---|---|---|
| 003 | JO-AjNU | ||
| 008 | 230605s9999||||xx |||||||||||||| ||und|| | ||
| 040 |
_aJO-AjNU _bara _erda _cJO-AjNU |
||
| 041 | _aara | ||
| 050 | 1 | 4 | _aQA611.Z622 |
| 100 | 3 |
_aالزوبعي ، عربي حسين/ م مشارك محمد جواد سعد الدين, _eauthor _914378 |
|
| 245 | 0 | 0 | _aتيولوجيا الاعداد الحقيقية |
| 264 | 3 | 1 | _aالقاهرة:الهيئة المصرية ، 1900 |
| 300 | _a149ص | ||
| 336 |
_atext _btxt _2rdacontent |
||
| 337 |
_aunmediated _bn _2rdamedia |
||
| 338 |
_avolume _bnc _2rdacarrier |
||
| 650 | 4 |
_aتبولوجيا- الرياضيات _914379 |
|
| 999 |
_aA3820 _c7388 _d7388 |
||